Public health laws of South Carolina. (Record no. 38848)

MARC details
000 -LEADER
fixed length control field 00882cam a22002771 4500
001 - CONTROL NUMBER
control field med48000103
003 - CONTROL NUMBER IDENTIFIER
control field DLC
005 - DATE AND TIME OF LATEST TRANSACTION
control field 20260227111609.0
008 - FIXED-LENGTH DATA ELEMENTS--GENERAL INFORMATION
fixed length control field 810815s1944 xx 000 0 eng
010 ## - LIBRARY OF CONGRESS CONTROL NUMBER
LC control number med48000103
035 ## - SYSTEM CONTROL NUMBER
System control number (OCoLC)6941427
040 ## - CATALOGING SOURCE
Original cataloging agency DLC
Transcribing agency DNLM
Modifying agency ScU
-- OCoLC
-- DLC
042 ## - AUTHENTICATION CODE
Authentication code premarc
050 00 - LIBRARY OF CONGRESS CALL NUMBER
Classification number RA147
Item number .A7 1944
060 00 - NATIONAL LIBRARY OF MEDICINE CALL NUMBER
Classification number WA 32 AS6
Item number L4p 1944
060 00 - NATIONAL LIBRARY OF MEDICINE CALL NUMBER
Classification number Film 2566 no. 1
082 ## - DEWEY DECIMAL CLASSIFICATION NUMBER
Classification number 614.09757
130 0# - MAIN ENTRY--UNIFORM TITLE
Uniform title South Carolina. Laws, statutes, etc.
245 10 - TITLE STATEMENT
Title Public health laws of South Carolina.
260 ## - PUBLICATION, DISTRIBUTION, ETC.
Place of publication, distribution, etc. Columbia, S.C.,
Name of publisher, distributor, etc. State Health Dept.,
Date of publication, distribution, etc. 1944.
300 ## - PHYSICAL DESCRIPTION
Extent v, 163 p.
500 ## - GENERAL NOTE
General note "Sections relating to public health taken from the 1942 Code of laws of South Carolina."
500 ## - GENERAL NOTE
General note Microfilmed for preservation
Institution to which field applies DNLM
650 #0 - SUBJECT ADDED ENTRY--TOPICAL TERM
Topical term or geographic name entry element Public health
Geographic subdivision South Carolina.
710 2# - ADDED ENTRY--CORPORATE NAME
Corporate name or jurisdiction name as entry element South Carolina State Board of Health.

No items available.

Powered by Koha